00463 2200193 4500001002100000005001500021035002000036008004100056245004000097100001900137250000600156260003600162300001100198084001400209082000800223650001400231990001200245990001200257INLIS00000000000039120240430020125 a0010-0424000367240430 0 ind 1 aSudut dan Besarnya /cDewi Marsiyah aMarsiyah, Dewi a1 aKlaten :bIntan Pariwara,c2015 a68 hlm a510 DEW s a510 4aNon Fiksi a0728621 a0728622